| 000 | 00499nam a2200157Ia 4500 | ||
|---|---|---|---|
| 008 | 240729s9999 xx 000 0 und d | ||
| 022 | _a2410-7972 | ||
| 245 | 0 | _aAfrican Human Mobility Review | |
| 260 | _aSouth Africa | ||
| 260 | _bUniversity of the Western Cape | ||
| 650 | _a Colonies and colonization. Emigration and immigration. International migration | ||
| 650 | _aPolitical science | ||
| 856 | _uhttps://doaj.org/toc/eaa901c5878f4a80987017e3ffb3e086 | ||
| 942 | _2ddc | ||
| 942 | _cDOAJEJ | ||
| 999 |
_c68898 _d68898 |
||
| 945 |
_a1 _bMadushi Gamage _c1 _dMadushi Gamage |
||